Années 80 ou 90 ? - Statistiques

Statistiques générales
  • Ce quiz a été pris 155 fois
    125 depuis la dernière actualisation
  • Le résultat moyen est 14 sur 20
Statistiques - réponses
Question Réponse % Correct
Chute du mur de Berlin Années 80
87%
Michel Drucker présente sa première de l' emission Champs Elysées Années 80
84%
Indépendance de la Slovénie et de la Croatie Années 90
82%
Akira Toriyama débute la création de l'univers de Dragon Ball Années 80
80%
Bicentenaire de la révolution française Années 80
80%
Première diffusion du Club Dorothée Années 80
76%
Sortie de Super Mario Bros 3 en France Années 90
76%
Début de l'affaire du "petit Grégory" Années 80
74%
Nelson Mandela reçoit le prix Nobel de la paix Années 90
71%
Nirvana sort l'album Nevermind Années 90
69%
Yannick Noah chante Saga Africa Années 90
67%
Francois Mitterrand est élu pour un second mandat Années 80
66%
Commercialisation du Bibop, premier téléphone portable destiné à l'usage du public Années 90
65%
Sortie du film Retour vers le futur 2 dans les cinémas français Années 80
62%
Instauration du permis à points Années 90
61%
Qui veut la peau de Roger Rabbit sort dans les cinémas français Années 80
59%
Mise en orbite du télescope spatial Hubble Années 90
56%
Michael Jackson sort l'album Bad Années 80
55%
Lancement de la chaîne Canal + Années 80
53%
Invention d'internet Années 80
38%
Aucun quiz correspondant
Distribution des résultats
% des personnes avec chaque résultat
Percentile par nombre de réponses
Votre historique - résultats
Vous n’avez pas pris ce quiz depuis la dernière actualisation